Insight into IELTS extra with answer

Đã lưu trong:
Sonraí Bibleagrafaíochta
Príomhúdar: Jakeman, Vanessa
Formáid: Leabhar
Teanga:Undetermined
Foilsithe: Thành phố Hồ Chí Minh Nhà xuất bản Thành phố Hồ Chí Minh 2003
Ábhair:
Clibeanna: Cuir Clib Leis
Gan Chlibeanna, Bí ar an gcéad duine leis an taifead seo a chlibeáil!
Thư viện lưu trữ: Trung tâm Học liệu Trường Đại học Cần Thơ
LEADER 00754nam a2200205Ia 4500
001 CTU_60693
008 210402s9999 xx 000 0 und d
020 |c 28000 
082 |a 428.0076 
082 |b J26 
100 |a Jakeman, Vanessa 
245 0 |a Insight into IELTS extra with answer 
245 0 |c Vanessa Jakeman and Clare McDowell; Lê Huy Lâm biên dịch 
260 |a Thành phố Hồ Chí Minh 
260 |b Nhà xuất bản Thành phố Hồ Chí Minh 
260 |c 2003 
650 |a English language,International english language testing systeme 
650 |x Examinations, questions, etc 
904 |i Minh,Năm, Mai chuyển số PL về 428.0076 
980 |a Trung tâm Học liệu Trường Đại học Cần Thơ